wszyscy zawodnicy 2 metalkas ekstraligi 2025 - Statystyki

Ogólne statystyki
  • Ten quiz został rozwiązany 93 razy
  • Średni wynik to 36 z 56
Statystyki odpowiedzi
Hint Odpowiedź % Poprawnych
Polonia Bydgoszcz Szymon Woźniak
97%
Unia Leszno Janusz Kołodziej
92%
Polonia Bydgoszcz Krzysztof Buczkowski
92%
Polonia Bydgoszcz Kai Huckenbeck
90%
Unia Leszno Grzegorz Zengota
88%
Polonia Bydgoszcz Oleksandr Łoktajew
85%
Stal Rzeszów Tai Woffinden
83%
Unia Leszno Antoni Mencel
81%
Unia Leszno Ben Cook
80%
Unia Leszno Kacper Mania
80%
Polonia Bydgoszcz Tom Brennan
80%
Polonia Bydgoszcz Bartosz Nowak
78%
Stal Rzeszów Marcin Nowak
78%
Unia Leszno Nazar Parnicki
78%
Wilki Krosno Tobiasz Musielak
78%
PSŻ Poznań Bartosz Smektała
76%
Unia Tarnów Matej Zagar
76%
Unia Leszno Josh Pickering
75%
Stal Rzeszów Paweł Przedpełski
75%
Unia Tarnów Timo Lahti
73%
Wilki Krosno Dimitri Berge
71%
Stal Rzeszów Keynan Rew
69%
Ostrovia Ostrów wlkp. Frederik Jakobsen
68%
Wilki Krosno Kenneth Bjerre
66%
Ostrovia Ostrów wlkp. Luke Becker
66%
Unia Tarnów Mateusz Szczepaniak
66%
PSŻ Poznań Ryan Douglas
66%
Wilki Krosno Szymon Bańdur
66%
Stal Rzeszów Jacob Thorssell
64%
Orzeł Łódź Robert Chmiel
64%
Ostrovia Ostrów wlkp. Sebastian Szostak
64%
Orzeł Łódź Andreas Lyager
63%
Ostrovia Ostrów wlkp. Gracjan Szostak
63%
Polonia Bydgoszcz Kacper Andrzejewski
63%
Stal Rzeszów Franciszek Majewski
61%
PSŻ Poznań Matias Nielsen
61%
Orzeł Łódź Vaclav Milik
61%
Wilki Krosno Jakub Jamróg
59%
Unia Tarnów Jan Heleniak
59%
Stal Rzeszów Wiktor Rafalski
59%
PSŻ Poznań Kacper Teska
58%
PSŻ Poznań Szymon Szlauderbach
58%
Unia Tarnów Marko Lewiszyn
56%
Ostrovia Ostrów wlkp. Oliver Berntzon
53%
Orzeł Łódź Olivier Buszkiewicz
53%
Ostrovia Ostrów wlkp. Norbert Krakowiak
51%
Orzeł Łódź Seweryn Orgacki
49%
Orzeł Łódź Mateusz Bartkowiak
47%
Wilki Krosno Mathias Pollestad
47%
Unia Tarnów Sebastian Madej
47%
Orzeł Łódź Patrick Hansen
39%
Unia Tarnów Igor Gryzło
36%
Ostrovia Ostrów wlkp. Tobiasz Potasznik
34%
PSŻ Poznań Norick Bloedorn
32%
Wilki Krosno Jakub Wieszczak
29%
PSŻ Poznań Mateusz Affelt
27%
Nie znaleziono quizów pasujących do podanych kryteriów
Rozkład punktacji
Procent ludzi z każdym wynikiem
Percentyl według liczby udzielonych odpowiedzi
Twoja historia wyników
Nie rozwiązałeś tego quizu